000 00634nam a22001817a 4500
005 20251108171252.0
008 250721s1995 xx 000 0 ara d
082 1 4 _a347.92/أحم
100 1 _aهندي، أحمد
245 1 0 _aقانون المرافعات المدنية و التجارية :
_bالنظام القضائي و الإختصاص و الدعوى /
264 1 _aالقاهرة :
_bدار الجامعة الجديدة للنشر،
_c1995.
300 _a715ص
490 0 _aالمكتبة القانونية
650 1 7 _aقانون المرافعات
650 1 7 _aمصر
942 _2ddc
_cBK
999 _c60908
_d60908